000 00739nam a2200265Ia 4500
001 Para_9009
003 CHAP
008 220125s2003 xx 000 0 und d
010 _a207787
040 _cCHAP
082 _aPA 646.7 A5
100 _aAmador, Alberto
_9174279
245 _aControl emocional y cerebral :
_b Técnicas para una salud mental positiva /
_c por Alberto Amador
260 _aMéxico, D.F. :
_b Grijalbo
300 _a180 p.
650 _aMotivación (psicología)
_979090
650 _aSuperación personal
_9143097
901 _aPA 646.7 A5
902 _aA
905 _a0000002003 0000000000 00
910 _a2003
942 _cPARA
942 _cPARA
_d1
999 _c207787
_d207787